Online
Catalog

El protocolo de la miel y la frontera dominico-haitiana : (Record no. 43254)

MARC details
000 -CABECERA
campo de control de longitud fija 01614nam a2200277 a 4500
001 - NÚMERO DE CONTROL
campo de control 000043765
005 - FECHA Y HORA DE LA ÚLTIMA TRANSACCIÓN
campo de control 20201002044946.0
008 - DATOS DE LONGITUD FIJA--INFORMACIÓN GENERAL
campo de control de longitud fija 140423s2013 dr ac r 001 0 spa d
020 ## - NÚMERO INTERNACIONAL ESTÁNDAR DEL LIBRO
Número Internacional Estándar del Libro 9781477415474
040 ## - FUENTE DE LA CATALOGACIÓN
Centro catalogador/agencia de origen DO-SdBNP
Lengua de catalogación spa
Centro/agencia transcriptor BNPHU
082 ## - NÚMERO DE LA CLASIFICACIÓN DECIMAL DEWEY
Número de clasificación 341.42729307294
Número de documento/Ítem F316p
100 1# - ENTRADA PRINCIPAL--NOMBRE DE PERSONA
Nombre de persona Féliz-Sánchez, Danilo A.
9 (RLIN) 36228
245 13 - MENCIÓN DE TÍTULO
Título El protocolo de la miel y la frontera dominico-haitiana :
Resto del título notas para la historia de la frontera /
Mención de responsabilidad, etc. Danilo A. Féliz Sánchez, Arturo Félix Camilo.
260 ## - PUBLICACIÓN, DISTRIBUCIÓN, ETC.
Lugar de publicación, distribución, etc. [Santo Domingo :
Nombre del editor, distribuidor, etc. s.n],
Fecha de publicación, distribución, etc. 2013.
300 ## - DESCRIPCIÓN FÍSICA
Extensión 378 p. :
Otras características físicas il., retrs. ;
Dimensiones 24 cm.
505 0# - NOTA DE CONTENIDO CON FORMATO
Título La isla en tiempos de Ovando --
-- Orígenes de la República de Haití --
-- Notas al origen de las Naciones de la Hispaniola --
-- Distorsiones respecto a la historia dominico-haitiana --
-- El protocolo de la Miel. Antecedentes --
-- El trazado fronterizo de San Miguel de la Atalaya --
-- El protocolo de la Miel. Origen y naturaleza --
-- El protocolo de la Miel. Controversias, conflictos y consideraciones jurídicas --
-- El territorio. Teorías jurídicas sobre la posesión legítima del territorio de la Hispaniola --
-- La convivencia final y el futuro en el siglo XXI.
590 ## - NOTA LOCAL (RLIN)
Nota local Inventariado, 2018/BT
651 #4 - PUNTO DE ACCESO ADICIONAL DE MATERIA--NOMBRE GEOGRÁFICO
Nombre geográfico República Dominicana
Subdivisión de forma LÍMITES
Subdivisión general Historia
9 (RLIN) 9547
651 #4 - PUNTO DE ACCESO ADICIONAL DE MATERIA--NOMBRE GEOGRÁFICO
Nombre geográfico Haití
Subdivisión de forma LÍMITES
Subdivisión general Historia
9 (RLIN) 9548
651 #4 - PUNTO DE ACCESO ADICIONAL DE MATERIA--NOMBRE GEOGRÁFICO
Nombre geográfico República Dominicana
Subdivisión general Incidentes Fronterizos
9 (RLIN) 8407
650 #4 - PUNTO DE ACCESO ADICIONAL DE MATERIA--TÉRMINO DE MATERIA
Término de materia o nombre geográfico como elemento de entrada Haití
Subdivisión general Incidentes fronterizos
9 (RLIN) 9549
651 #4 - PUNTO DE ACCESO ADICIONAL DE MATERIA--NOMBRE GEOGRÁFICO
Nombre geográfico República Dominicana
Subdivisión general Historia
9 (RLIN) 170
651 #4 - PUNTO DE ACCESO ADICIONAL DE MATERIA--NOMBRE GEOGRÁFICO
Nombre geográfico Haití
Subdivisión general Historia
9 (RLIN) 8418
700 12 - PUNTO DE ACCESO ADICIONAL--NOMBRE DE PERSONA
Nombre de persona Féliz-Camilo, Arturo
9 (RLIN) 71600
910 ## - DATOS DE OPCIÓN DEL USUARIO (OCLC)
Datos de opción del usuario Validado. Control de calidad. EMS
Holdings
Estado de retiro Estado de pérdida No para préstamo Código de colección Localización permanente Ubicación/localización actual Ubicación en estantería Fecha de adquisición Número de inventario Total de préstamos Signatura topográfica completa Código de barras Fecha visto por última vez Precio válido a partir de Tipo de ítem Koha
    Excluido de préstamo Patrimonio Dominicano Patrimonio Dominicano Patrimonio Dominicano Depósito 23.04.2014 LF1   341.42729307294 F316p 43765-10 25.06.2020 25.06.2020 Libro y Folleto Colección Patrimonio Dominicano

Powered by Koha